„Päť odtieňov zelenej“ z pohľadu segmentácie spotrebiteľov ekologických inovácií
Rozdelenie spotrebiteľov z hľadiska ich segmentácie do piatich kategórií podľa odtieňov "zelenosti". Zelený marketing. Podiel "zelených" spotrebiteľov z pohľadu piatich odtieňov "zelenosti" segmentácie trhu ekologických inovácií. Štyri stratégie environmentálne orientovanej produktovej politiky podn...
Enregistré dans:
| Auteur principal: | |
|---|---|
| Autres auteurs: | |
| Format: | Chapitre de livre |
| Langue: | slovaque |
| Sujets: | |
| Tags: |
Pas de tags, Soyez le premier à ajouter un tag!
|
MARC
| LEADER | 00000naa a2200000 4500 | ||
|---|---|---|---|
| 001 | 0279326 | ||
| 005 | 20211029083331.8 | ||
| 041 | 0 | |a slo | |
| 044 | |a SK | ||
| 245 | 1 | 0 | |a „Päť odtieňov zelenej“ z pohľadu segmentácie spotrebiteľov ekologických inovácií |c Erika Loučanová, Miriam Olšiaková |
| 520 | |a Rozdelenie spotrebiteľov z hľadiska ich segmentácie do piatich kategórií podľa odtieňov "zelenosti". Zelený marketing. Podiel "zelených" spotrebiteľov z pohľadu piatich odtieňov "zelenosti" segmentácie trhu ekologických inovácií. Štyri stratégie environmentálne orientovanej produktovej politiky podniku. | ||
| 610 | 2 | 0 | |a správanie spotrebiteľa |
| 610 | 2 | 0 | |a spotrebitelia |
| 610 | 2 | 0 | |a produkty environmentálne |
| 610 | 2 | 0 | |a inovácie environmentálne |
| 610 | 2 | 0 | |a segmentácia trhu |
| 100 | 1 | |a Loučanová, Erika | |
| 700 | 1 | |a Olšiaková, Miriam | |